000 00676nam a2200265Ia 4500
003 OSt
005 20220912151756.0
006 a|||||r|||| 00| 0
007 ta
008 220909b |||||||| |||| 00| 0 eng d
024 _a26750
037 _cTextual
040 _aCSL
_beng
_cCSL
041 _aeng
082 _aC4:7, L63
100 _aMilora S L
245 0 _aGeREFmal energy as a source of electric power
260 _aCambridge
_bMIT Press
_c1976
300 _a186p.
_ccm.
650 _a Thermodynamics
650 _aPhysics
700 _a Tester J W
942 _hC4:7, L63
_cTEXL
_2CC
999 _c75081
_d75081